00315pam a2200085a 44500008004100000041000800041100002500049245010900074260004600183230405s2007 xxu||||| |||| 00| 0 eng d aENG asrivastava & Dwivedi aMicro Solutions for macro Issues: Role of micro- Finance & small scale Enterprises in the Indian Economy abWisdom Publication C-14 D.S.I.D.Cc2007